| 000 | 00703nam a22002177a 4500 | ||
|---|---|---|---|
| 999 |
_c16545 _d16545 |
||
| 003 | AR-CdUCM | ||
| 008 | 190503b ||||| |||| 00| 0 esp d | ||
| 040 |
_aMUNICIPALIDAD PROVINCIAL DEL CUSCO _cBIBLIOTECA MUNICIPAL DEL CUSCO |
||
| 082 |
_a818.5 / _bD583 |
||
| 100 |
_aDine, Van S. S. _936044 |
||
| 245 | _aEl Dragón del Estanque / | ||
| 260 |
_aBarcelona : _bPonsa, _c1952. |
||
| 300 |
_a236 páginas ; _c17 cm. |
||
| 500 | _aTítulo original: The dragon murder | ||
| 650 |
_aNovelas estadounidenses _9734 |
||
| 650 |
_aSiglo XX. _98 |
||
| 650 |
_aNovelas policiacas estadounidenses. _936045 |
||
| 700 |
_aMacragh, Esteban (traductor) _936046 |
||
| 942 |
_2ddc _cLIBROS |
||
| 945 |
_aacrt _d2019-05-03 |
||